[Event "RSA-ch U18 Girls"]
[Site "Gauteng"]
[Date "2017.04.05"]
[Round "1"]
[White "Kekana, Letsatsi"]
[Black "Nkoana, Kholofelo"]
[Result "1-0"]
[WhiteElo "1182"]
[BlackElo "1059"]
[PlyCount "97"]
[EventDate "2017.04.05"]
[EventType "swiss"]
[EventRounds "11"]
[EventCountry "RSA"]
[SourceTitle "CBM 177 Extra"]
[Source "ChessBase"]
[SourceDate "2017.04.27"]
[SourceVersion "1"]
[SourceVersionDate "2017.04.27"]
[SourceQuality "1"]

1. g3 e5 2. Bg2 Nf6 3. e3 d5 4. Ne2 Bd6 5. 0-0 0-0 6. d4 e4 7. b3 Bf5 8. c4 c6 9. Nbc3 Re8 10. cxd5 cxd5 11. Bd2 Nc6 12. Rc1 h6 13. Nb5 a6 14. Nxd6 Qxd6 15. Nf4 Rac8 16. f3 Re7 17. fxe4 Nxe4 18. Rc2 Rd8 19. Nd3 Qg6 20. Nf4 Qg4 21. Qxg4 Bxg4 22. Bc1 Nb4 23. Ba3 a5 24. h3 Bf5 25. g4 Ng3 26. gxf5 Nxf1 27. Kxf1 Rxe3 28. Bxb4 axb4 29. Nxd5 Ree8 30. Rd2 g6 31. Nf6+ Kf8 32. Nxe8 Kxe8 33. fxg6 fxg6 34. Bxb7 Kf7 35. d5 Rb8 36. Bc6 Ke7 37. d6+ Ke6 38. Be4 g5 39. d7 Rd8 40. Bc6 h5 41. Re2+ Kd6 42. Ba4 g4 43. hxg4 hxg4 44. Re8 Rxd7 45. Bxd7 Kxd7 46. Rg8 Kc6 47. Rxg4 Kc5 48. Ke2 Kb5 49. Kd3 1-0